00440nam a2200181 a 4500001001300000003000900013005001700022008004100039020002300080082001300103100001700116245001000133260004300143300000900186500003500195505001000230650001800240nice12345678IN_TiNIC20260116012924.0050524s1981 lona grp 000 0 eng  a0571906 c19000a962bHIR aHirst, David aSadat aLondonbFaber and Faber Limited c1981 a384p aincludes index and biblioraphy2 aIndex aEgypt-History